| 000 | 00653nam a2200217Ia 4500 | ||
|---|---|---|---|
| 005 | 20241129111209.0 | ||
| 008 | 241129s9999||||xx |||||||||||||| ||und|| | ||
| 020 | _a978-1-350-27267-5 | ||
| 037 | _aTB | ||
| 040 |
_aCRL _beng _cCRL |
||
| 041 |
_aeng _2eng |
||
| 084 |
_aX:3M24xM18 R3 _qCRL |
||
| 100 |
_aIllner Eberhard Ed. _9723602 |
||
| 245 | 0 |
_aLife work and legacy of friedrich engels: emerging form Marx's shadow _cIllner Eberhard Ed. |
|
| 260 |
_aLondon, UK _bBloomsbury _c2023 |
||
| 300 | _axv,343p. | ||
| 365 |
_aUKP _b24.99 |
||
| 650 |
_aEconomicsMarxism _9726251 |
||
| 942 |
_cTB _hX:3M24xM18 R3 |
||
| 999 |
_c1229344 _d1229344 |
||